Computational intelligence : a logical approach (Record no. 179991)
[ view plain ]
| 000 -LEADER | |
|---|---|
| fixed length control field | 00453nam a2200157Ia 4500 |
| 005 - DATE AND TIME OF LATEST TRANSACTION | |
| control field | 20250424141550.0 |
| 008 - FIXED-LENGTH DATA ELEMENTS--GENERAL INFORMATION | |
| fixed length control field | 231217s9999 xx 000 0 und d |
| 020 ## - INTERNATIONAL STANDARD BOOK NUMBER | |
| International Standard Book Number | 9780195102703 |
| 082 ## - DEWEY DECIMAL CLASSIFICATION NUMBER | |
| Classification number | 006.3 POO;2 |
| 100 ## - MAIN ENTRY--PERSONAL NAME | |
| Personal name | Poole, DavidMackworth, AlanGoelbel, Randy |
| 245 #0 - TITLE STATEMENT | |
| Title | Computational intelligence : a logical approach |
| 260 ## - PUBLICATION, DISTRIBUTION, ETC. (IMPRINT) | |
| Date of publication, distribution, etc. | 1998 |
| Name of publisher, distributor, etc. | OxFord |
| Place of publication, distribution, etc. | Oxford |
| 300 ## - PHYSICAL DESCRIPTION | |
| Extent | xvi+558 |
| 650 ## - SUBJECT ADDED ENTRY--TOPICAL TERM | |
| Topical term or geographic name as entry element | Computational,intelligence,:,logical |
| 942 ## - ADDED ENTRY ELEMENTS (KOHA) | |
| Koha item type | Books |
| Date last seen | Total Checkouts | Full call number | Accession number | Old discount | Cost, replacement price | Price effective from | Category | Lost status | Damaged status | Department | Withdrawn status | bill no. | bill date | Permanent Location | Current Location | Shelving location | Entry date | Vendor | Cost, normal purchase price | Grants | Currency symbol | Conversion rate | Discount | Discount type |
|---|---|---|---|---|---|---|---|---|---|---|---|---|---|---|---|---|---|---|---|---|---|---|---|---|
| 26/01/2024 | 006.3 POO;2 | 47585 | 25 | 243.75 | 26/01/2024 | Books | Central Library | 940 | 23/01/2009 | Central Library | Central Library | Central Library | 20/12/2007 | Tata Book House | 325.00 | CS/PG | RS | 1 | 81.25 | Rupees |
